中国的民族自治州首府(简中反客为主版)Capitals of Autonomous Prefectures in China(TC Ver) - Statistics

General Stats
  • This quiz has been taken 145 times
  • The average score is 26 of 30
Answer Stats
首府 自治州 % Correct
延吉市 延边朝鲜族自治州
99%
恩施市 恩施土家族苗族自治州
98%
大理市 大理白族自治州
94%
凯里市 黔东南苗族侗族自治州
93%
康定市 甘孜藏族自治州
92%
楚雄市 楚雄彝族自治州
92%
马尔康市 阿坝藏族羌族自治州
91%
西昌市 凉山彝族自治州
91%
兴义市 黔西南布依族苗族自治州
91%
都匀市 黔南布依族苗族自治州
91%
文山市 文山壮族苗族自治州
91%
临夏市 临夏回族自治州
91%
玉树市 玉树藏族自治州
91%
昌吉市 昌吉回族自治州
89%
伊宁市 伊犁哈萨克自治州
89%
吉首市 湘西土家族苗族自治州
87%
景洪市 西双版纳傣族自治州
87%
共和县 海南藏族自治州
85%
德令哈市 海西蒙古族藏族自治州
85%
合作市 甘南藏族自治州
84%
玛沁县 果洛藏族自治州
84%
泸水市 怒江傈僳族自治州
83%
海晏县 海北藏族自治州
83%
同仁市 黄南藏族自治州
83%
香格里拉市 迪庆藏族自治州
82%
库尔勒市 巴音郭楞蒙古自治州
82%
蒙自市 红河哈尼族彝族自治州
80%
芒市 德宏傣族景颇族自治州
80%
博乐市 博尔塔拉蒙古自治州
80%
阿图什市 克孜勒苏柯尔克孜自治州
79%
No matching quizzes found
Score Distribution
Percent of People with Each Score
Percentile by Number Answered
Your Score History
You have not taken this quiz